Food stamp program participation rates, January 1992 /

Bibliographic Details
Main Author: Trippe, Carole
Corporate Authors: United States. Food and Nutrition Service, Mathematica Policy Research, Inc
Other Authors: Sykes, Julie
Format: Government Document Microform Book
Language:English
Published: Alexandria, VA (3101 Park Center Dr., Second Floor, Alexandria 22302) : U.S. Dept. of Agriculture, Food and Nutrition Service, [1994]
Series:Current perspectives on Food Stamp Program participation.
Subjects:

MARC

Tag First Indicator Second Indicator Subfields
LEADER 00000cam a2200000 a 4500
001 in00001237509
005 20151003063818.0
007 he bmb024bbca
008 950405s1994 vaua bbs f000 0 eng d
010 |a gp 95070614  
035 |a (OCoLC)32257147 
035 |9 AGT1326AM 
040 |a GPO  |c GPO  |d DLC  |d UtOrBLW 
043 |a n-us--- 
074 |a 0074-A-01 (MF) 
086 0 |a A 98.2:F 73/14/992 
100 1 |a Trippe, Carole. 
245 1 0 |a Food stamp program participation rates, January 1992 /  |c Carole Trippe and Julie Sykes. 
264 1 |a Alexandria, VA (3101 Park Center Dr., Second Floor, Alexandria 22302) :  |b U.S. Dept. of Agriculture, Food and Nutrition Service,  |c [1994] 
300 |a xiii, 87 pages :  |b illustrations 
336 |a text  |b txt  |2 rdacontent 
337 |a microform  |b h  |2 rdamedia 
338 |a microfiche  |b he  |2 rdacarrier 
490 1 |a Current perspectives on food stamp program participation 
500 |a "A product of Mathematica Policy Research, Inc." 
500 |a Distributed to depository libraries in microfiche. 
500 |a Shipping list number: 94-0990-M. 
500 |a "October 1994." 
504 |a Includes bibliographical references (pages 45-46). 
500 |a "MPR project number: 8156-013"--Title page verso. 
500 |a "FNS contract number: 53-3198-3-038"--Title page verso. 
533 |a Microfiche.  |b [Washington, D.C.?] :  |c Supt. of Docs., U.S. G.P.O.,  |d [1994]  |e 2 microfiches : negative. 
500 |a Microform. 
650 0 |a Food stamps  |z United States  |x Statistics. 
700 1 |a Sykes, Julie. 
710 1 |a United States.  |b Food and Nutrition Service. 
710 2 |a Mathematica Policy Research, Inc. 
830 0 |a Current perspectives on Food Stamp Program participation. 
999 |a MARS 
999 f f |s 7a3488bc-f6a8-31ee-aad0-e66220deffec  |i 22aca8e6-3432-3f14-9386-bb6d4cf7cdd2  |t 0 
952 f f |p normal  |a Texas A&M University  |b College Station  |c Sterling C. Evans Library  |d Evans: US Documents (Annex 5th floor)  |t 0  |e A 98.2:F 73/14/992  |h Superintendent of Documents classification  |i microform -- microfiche  |m A14820235729 
998 f f |a A 98.2:F 73/14/992  |t 0  |l Evans: US Documents (Annex 5th floor)